Składniki mineralne-makroelementy - Statystyki

Ogólne statystyki
  • Ten quiz został rozwiązany 11 razy
  • Średni wynik to 4 z 11
Answers on the Grid
Answers color-coded by a green-red scale on the quiz's grid according to % correct below.
glin
węgiel
azot
kobalt
żelazo
nikiel
tlen
fluor
krzem
wodór
ołów
cynk
chrom
sód
woda
lit
złoto
chlor
rtęć
miedź
wapń
srebro
cyna
magnez
mangan
fosfor
beryl
potas
siarka
jod
 
Statystyki odpowiedzi
Odpowiedź % Poprawnych
węgiel
88%
azot
75%
fosfor
38%
potas
25%
sód
25%
tlen
25%
wodór
25%
chlor
13%
magnez
13%
siarka
13%
wapń
13%
Nie znaleziono quizów pasujących do podanych kryteriów
Rozkład punktacji
Procent ludzi z każdym wynikiem
Percentyl według liczby udzielonych odpowiedzi
Twoja historia wyników
Nie rozwiązałeś tego quizu